000 00337 a2200157 4500
001 192695
020 _a978-960-403-393-5
040 _cMagnum
100 _aHeath, Jennifer
240 1 0 _aSleeping beauty
_lING
245 1 0 _aSleeping beauty
300 _a35
362 0 _a2006
697 _aLITERATURA INFANTIL INGLESA
942 _cBK
999 _c192695
_d192695